000 00893nmc a2200325 a 4500
003 AR-BaBNM
005 20251128205140.0
008 166119s1993 ||||||||||||||000 | spa||
020 _a84-7731-159-5
040 _cAR-BaBNM
100 1 _aBrohm, Jean-Marie
245 1 0 _aMateriales de sociología del deporte
250 _a1ª ed.
260 _aMadrid
_bLa Piqueta
_c1993
300 0 _ap. 39-46
490 0 _aGenealogía del poder
_vv. 23
504 _aBibliografía p. 185-186
650 4 _aDEPORTE
650 4 _aMUJERES
650 4 _aSOCIOLOGIA DEL TIEMPO LIBRE
650 4 _aUSO INDEBIDO DE DROGAS
650 4 _aOCIO
653 0 _aVIOLENCIA EN EL DEPORTE
700 1 _aBarbero, José Ignacio
_eprologuista
700 1 _aSuaiz Rodríguez, Toñi
_etraductor
800 1 _aVarela, Julia
800 1 _aAlvarez-Uria, Fernando
_edirector
942 _cBK
998 _cCarmen
999 _c10190
_d10190